Catálogo
 En Linea

Calidad de vida : (Registro nro. 44608)

Detalles MARC
000 -CABECERA
campo de control de longitud fija 01469nam a2200277 a 4500
001 - NÚMERO DE CONTROL
campo de control 000045119
003 - IDENTIFICADOR DEL NÚMERO DE CONTROL
campo de control OSt
005 - FECHA Y HORA DE LA ÚLTIMA TRANSACCIÓN
campo de control 20210505151705.0
008 - DATOS DE LONGITUD FIJA--INFORMACIÓN GENERAL
campo de control de longitud fija 150203s2012 dr abc 000 0 spa d
040 ## - FUENTE DE LA CATALOGACIÓN
Centro catalogador/agencia de origen DO-SdBNP
Lengua de catalogación spa
Centro/agencia transcriptor BNPHU
082 #4 - NÚMERO DE LA CLASIFICACIÓN DECIMAL DEWEY
Número de clasificación 306.097293
Número de documento/Ítem C153v
Número de edición 22
245 10 - MENCIÓN DE TÍTULO
Título Calidad de vida :
Resto del título estudio socioeconómico de hogares modelo de categorización optimizado.
246 10 - FORMA VARIANTE DE TÍTULO
Título propio/Titulo breve Calidad de vida : estudio socioeconómico de hogares en República Dominicana
260 ## - PUBLICACIÓN, DISTRIBUCIÓN, ETC.
Lugar de publicación, distribución, etc. Santo Domingo :
Nombre del editor, distribuidor, etc. SIUBEN,
Fecha de publicación, distribución, etc. 2012.
300 ## - DESCRIPCIÓN FÍSICA
Extensión 326 p. :
Otras características físicas il., mapas, retrs. ;
Dimensiones 28 cm.
500 ## - NOTA GENERAL
Nota general Incluye referencias bibliográficas y notas al pie de las páginas.
504 ## - NOTA DE BIBLIOGRAFÍA, ETC.
Nota de bibliografía, etc. Bibliografía : p. 326
505 0# - NOTA DE CONTENIDO CON FORMATO
Nota de contenido con formato Introducción --
Título Contexto operativo del SIUBEN --
-- Folización de la política social --
-- El índice de calidad de vida (ICV). Instrumento para la categorización y focalización de los hogares --
-- Aspectos metodológicos del estudio socioeconómico de hogares --
-- Estudio socioeconómico de hogares 2012: Principales resultados --
-- Reflexiones finales.
590 ## - NOTA LOCAL (RLIN)
Nota local Inventariado, 2019/MFF
650 #4 - PUNTO DE ACCESO ADICIONAL DE MATERIA--TÉRMINO DE MATERIA
Término de materia o nombre geográfico como elemento de entrada Calidad vida
9 (RLIN) 73134
651 #4 - PUNTO DE ACCESO ADICIONAL DE MATERIA--NOMBRE GEOGRÁFICO
Nombre geográfico República Dominicana
Subdivisión general Población
-- Aspectos Económicos
9 (RLIN) 35343
651 #4 - PUNTO DE ACCESO ADICIONAL DE MATERIA--NOMBRE GEOGRÁFICO
Nombre geográfico República Dominicana
Subdivisión general Población
-- Aspectos Sociales
9 (RLIN) 73135
710 2# - PUNTO DE ACCESO ADICIONAL--NOMBRE DE ENTIDAD CORPORATIVA
Nombre de entidad corporativa o nombre de jurisdicción como elemento de entrada República Dominicana.
Unidad subordinada Vicepresidencia de la República
-- Sistema Único de Beneficiarios
9 (RLIN) 73136
910 ## - DATOS DE OPCIÓN DEL USUARIO (OCLC)
Datos de opción del usuario Validado. Control de calidad MFF
942 ## - ELEMENTOS DE PUNTO DE ACCESO ADICIONAL (KOHA)
Fuente del sistema de clasificación o colocación Dewey Decimal Classification
Tipo de ítem Koha Libro
Existencias
Estado de retiro Estado de pérdida Fuente del sistema de clasificación o colocación Restricciones de uso No para préstamo Código de colección Localización permanente Ubicación/localización actual Ubicación en estantería Fecha de adquisición Total de préstamos Signatura topográfica completa Código de barras Fecha visto por última vez Precio válido a partir de Tipo de ítem Koha Fuente de adquisición Número de copia
    Dewey Decimal Classification Excluido de préstamo Préstamo restrigido Patrimonio Dominicano Biblioteca Nacional Pedro Henríquez Ureña Biblioteca Nacional Pedro Henríquez Ureña Depósito 25.11.2020   BNPHU PD 306.097293 C153v 2021-1660 25.11.2020 25.11.2020 Libro y Folleto Colección Patrimonio Dominicano ODECOPLIN e. 2
    Dewey Decimal Classification Excluido de préstamo Excluido de préstamo Patrimonio Dominicano Biblioteca Nacional Pedro Henríquez Ureña Patrimonio Dominicano Depósito 03.02.2015   BNPHU PD 306.097293 C153v 45119-10 25.06.2020 25.06.2020 Libro y Folleto Colección Patrimonio Dominicano    

Con tecnología Koha